000 00311nam a2200121Ia 4500
008 240731s9999 xx 000 0 und d
022 _a1746-0220
245 0 _aJournal of the Energy Institute
260 _bTaylor & Francis
856 _uhttps://www.tandfonline.com/loi/yeni20
942 _2ddc
942 _cTFEJ
999 _c78324
_d78324
945 _a1
_bMadushi Gamage
_c1
_dMadushi Gamage